| 000 | 00659cam a22002293a 4500 | ||
|---|---|---|---|
| 001 | 45291 | ||
| 003 | PGUSA | ||
| 005 | 20140828084038.0 | ||
| 008 | 140401s2014||||xxu|||||s|||||000 | eng d | ||
| 040 |
_aPGUSA _beng |
||
| 042 | _adc | ||
| 100 | 1 |
_aFarrow, G. E. _q(George Edward), _d1862-1919 |
|
| 245 | 1 | 4 |
_aThe Missing Prince _h[electronic resource] / _cG. E. Farrow |
| 260 |
_bProject Gutenberg, _c2014 |
||
| 506 | _aPublic domain in the USA. | ||
| 516 | _aElectronic text | ||
| 700 | 1 | _aFurniss, Dorothy | |
| 700 | 1 |
_aFurniss, Harry, _d1854-1925 |
|
| 830 | 0 |
_aProject Gutenberg _v45291 |
|
| 856 | 4 | 0 | _uhttp://www.gutenberg.org/ebooks/45291 |
| 942 | _cEB | ||
| 999 |
_c274542 _d274542 |
||